01671nam a22002297a 4500003000400000245003300004260001400037300000800051942001200059952012300071952012300194952012300317952012300440952012300563952012300686952012300809952012300932952012301055952012301178952012301301999001701424SGT aTHE BRITISH MEDICAL JOURNAL  bBMJc2010 a725 2ddccBV 00102ddc40718MEDICALaFMbFMcREFd2019-12-31h2010, VOL- 340iSGTUl0pPM693r2019-12-31 00:00:00w2019-12-31yBV 00102ddc40718MEDICALaFMbFMcREFd2019-12-31h2010, VOL- 340iSGTUl0pPM694r2019-12-31 00:00:00w2019-12-31yBV 00102ddc40718MEDICALaFMbFMcREFd2019-12-31h2010, VOL- 341iSGTUl0pPM695r2019-12-31 00:00:00w2019-12-31yBV 00102ddc40718MEDICALaFMbFMcREFd2019-12-31h2010, VOL- 341iSGTUl0pPM696r2019-12-31 00:00:00w2019-12-31yBV 00102ddc40718MEDICALaFMbFMcREFd2019-12-31h2015, VOL- 350iSGTUl0pPM697r2019-12-31 00:00:00w2019-12-31yBV 00102ddc40718MEDICALaFMbFMcREFd2019-12-31h2015, VOL- 350iSGTUl0pPM698r2019-12-31 00:00:00w2019-12-31yBV 00102ddc40718MEDICALaFMbFMcREFd2019-12-31h2015, VOL- 350iSGTUl0pPM699r2019-12-31 00:00:00w2019-12-31yBV 00102ddc40718MEDICALaFMbFMcREFd2019-12-31h2016, VOL- 352iSGTUl0pPM700r2019-12-31 00:00:00w2019-12-31yBV 00102ddc40718MEDICALaFMbFMcREFd2019-12-31h2016, VOL- 352iSGTUl0pPM701r2019-12-31 00:00:00w2019-12-31yBV 00102ddc40718MEDICALaFMbFMcREFd2019-12-31h2016, VOL- 354iSGTUl0pPM702r2019-12-31 00:00:00w2019-12-31yBV 00102ddc40718MEDICALaFMbFMcREFd2019-12-31h2016, VOL- 355iSGTUl0pPM703r2019-12-31 00:00:00w2019-12-31yBV c19664d19664